| 000 | 00491nam a2200169Ia 4500 | ||
|---|---|---|---|
| 008 | 090201s9999 xx 000 0 und d | ||
| 010 | _aKPL-46810 | ||
| 040 | _bमराठी | ||
| 041 | _aमराठी | ||
| 082 |
_a50697 _b46810 |
||
| 100 | _aवसंत पाटील | ||
| 245 |
_aछप्पर _cवसंत पाटील |
||
| 260 |
_c2006 _bप्रतिमा प्रकाशन |
||
| 300 |
_a172 _bमोठा |
||
| 600 | _aछप्पर | ||
| 942 | _cBOOK | ||
| 999 |
_c247222 _d247222 |
||